000 00338 a2200109 4500
001 ART_40569
005 20260410161754.0
008 260409a
245 1 0 _aSinceramiento de capitales. Ley 27260 y reglamentación
100 1 _aSchwartzman, Daniel M.
773 0 _tDoctrina tributaria
_g- Nº 439 (oct. 2016)
_wREV4296
999 _c19932
_d19932